000 00345nam a22001337a 4500
999 _c4308
_d4308
008 200730b ||||| |||| 00| 0 eng d
110 _aH. M.S.O
_9233
245 1 0 _aInstructions as to the tonnage measurement of ships
_cby HMSO
260 _aLondon
_bHMSO
_c1953
300 _a83 p.
365 _d2.04
650 0 _aNaval Architecture
942 _cBK